000 00621cam a22002053a 4500
001 44020
003 PGUSA
005 20140828084013.0
008 131023s2013||||xxu|||||s|||||000 | eng d
040 _aPGUSA
_beng
042 _adc
245 1 0 _aPunch, or the London Charivari, Vol. 105, October 14th 1893
_h[electronic resource] /
_cVarious
260 _bProject Gutenberg,
_c2013
506 _aPublic domain in the USA.
516 _aElectronic text
700 1 _aBurnand, F. C.
_q(Francis Cowley),
_d1836-1917
830 0 _aProject Gutenberg
_v44020
856 4 0 _uhttp://www.gutenberg.org/ebooks/44020
942 _cEB
999 _c273271
_d273271